Logo BPK

Bibliografia Prac Pracowników

Politechniki Koszalińskiej

Realizacja filtru zespolonego BiCMOS do odbiornika telefonii komórkowej / (Rekord nr 90)

Szczegóły MARC
000 -ETYKIETA REKORDU
podpole kontrolne o stałej długości 01575naa a2200229 i 4500
001 - NUMER KONTROLNY REKORDU
podpole kontrolne 90
003 - IDENTYFIKATOR NUMERU KONTROLNEGO REKORDU
podpole kontrolne KOSZ 005
005 - DATA OSTATNIEJ MODYFIKACJI REKORDU
podpole kontrolne 20191005132641.0
008 - POLE O STAŁEJ DŁUGOŚCI - DANE KONTROLNE
podpole kontrolne o stałej długości 151024s2002 pl f |100 0 pol
040 ## - ŹRÓDŁO KATALOGOWANIA
Instytucja, która utworzyła rekord BPK
Instytucja, która dokonała modyfikacji KOSZ 005/EG
080 ## - UNIWERSALNA KLASYFIKACJA DZIESIĘTNA - UKD
UKD 621.395.721.5
100 1# - NAZWA OSOBOWA
Nazwa osobowa Janke, Włodzimierz
Określenie rodzaju współpracy Autor
Lata pracy 1996 - .
Instytucja Politechnika Koszalińska - Wydział Elektroniki,
Wydział Katedra Elementów i Miernictwa Elektronicznego
245 10 - TYTUŁ/ODPOWIEDZIALNOŚĆ
Tytuł Realizacja filtru zespolonego BiCMOS do odbiornika telefonii komórkowej /
Pozostałe elementy strefy tytułu i oznaczenia odpowiedzialności Grzegorz Blakiewicz, Włodzimierz Janke.
500 ## - UWAGI OGÓLNE
Tekst uwagi Dane z autopsji.
520 ## - UWAGA DOTYCZĄCA TREŚCI DOKUMENTU
Analiza dokumentacyjna, adnotacja itp. Przedstawiono projekt i sposób realizacji filtru zespolonego w technologii BiCMOS 0.8um. Filtr został zaprojektowany do toru odbiorczego przenośnego terminala telefonii komórkowej GSM z niską częstotliwością pośrednią. Dzięki dobrym parametrom użytego operacyjnego wzmacniacza różnicowego, realizowany filtr charakteryzuje się dużą dynamiką SFDR=95dB oraz stosunkowo niskim równoważnym zumem wejściowym 100nV 1[pierwiastek]Hz. Prototypowy układ pobiera 33mW z pojedynczego źródła zasilania 3.3V.
650 #0 - HASŁO PRZEDMIOTOWE W FORMIE NAZWY OGÓLNEJ LUB JEDNOSTKOWEJ
Nazwa ogólna lub geograficzna Filtry.
650 #0 - HASŁO PRZEDMIOTOWE W FORMIE NAZWY OGÓLNEJ LUB JEDNOSTKOWEJ
Nazwa ogólna lub geograficzna Telefonia komórkowa.
655 #0 - TERMIN INDEKSOWY - OKREŚLENIE RODZAJU/FORMY DOKUMENTU
Określnie rodzaju/formy dokumentu Materiały konferencyjne.
773 0# - TYTUŁ DOKUMENTU MACIERZYSTEGO
Wyrażenie wprowadzające W :
Tytuł Pierwsza Krajowa Konferencja Elektroniki KKE'2002, Kołobrzeg-Dźwirzyno 10-12.06.2002 : materiały konferencji. T. 2/2. -
Adres wydawniczy Koszalin : Wydział Elektroniki Politechniki Koszalińskiej, 2002. -
Informacje dotyczące relacji s. 787-792
711 22 - HASŁO DODATKOWE - NAZWA IMPREZY
Nazwa imprezy Krajowa Konferencja Elektroniki
Oznaczenie części/sekcji dzieła (1 ;
Data imprezy 2002 ;
Miejsce imprezy Kołobrzeg / Dźwirzyno, Polska).
Nazwa części/sekcji dzieła KKE'2002
942 ## - HASŁO DODATKOWE - ELEMENTY(KOHA)
Typ dokumentu Rozdział
Schemat klasyfikacji Uniwersalna klasyfikacja dziesiętna
Egzemplarze
Wycofany Zagubiony Uszkodzony Dostępność Lokalizacja stała Lokalizacja bieżąca Sygnatura Typ dokumentu
      Dostępny Bibliografia Prac Pracowników - BPK Bibliografia Prac Pracowników - BPK 64034 Rozdział
© 2014 Biblioteka Politechniki Koszalińskiej :: BIBLIOGRAFIA PRAC PRACOWNIKÓW